Riešenie krízových a výnimočných situácií vo vybranom podniku diplomová práca

Uložené v:
Podrobná bibliografia
Hlavný autor: Lévaiová, Kristína
Korporativný autor: Fakulta podnikového manažmentu EU. Katedra manažmentu
Ďalší autori: Mišúnová Hudáková, Ivana, 1976-
Médium: Kniha
Jazyk:Slovak
Vydavateľské údaje: Bratislava 2022
Tagy: Pridať tag
Žiadne tagy, Buďte prvý, kto otaguje tento záznam!

MARC

LEADER 00000nbm a2200000 4500
001 0285391
005 20230323085810.8
041 0 |a slo 
044 |a SK 
245 1 0 |a Riešenie krízových a výnimočných situácií vo vybranom podniku  |b diplomová práca  |c Kristína Lévaiová ; školiteľ: Ivana Mišúnová Hudáková 
264 1 |a Bratislava  |c 2022 
300 |a 85 s. 
100 1 |a Lévaiová, Kristína 
700 1 |a Mišúnová Hudáková, Ivana, 1976- 
710 2 |a Fakulta podnikového manažmentu EU. Katedra manažmentu